00286nam a2200121Ia 4500008004100000041000800041082001200049100001800061245002100079260003000100300002300130365001100153240624s9999 xx 000 0 und d aeng a823 WOD aWODEHOUSE P G aVERY GOOD JEEVES c2008aLondonbArrow Books a297 : p. : cm ; 22 cRSb20